The distribution of malaria and its vectors in the state of Selangor, peninsula Malaysia /
محفوظ في:
| المؤلف الرئيسي: | |
|---|---|
| التنسيق: | أطروحة كتاب |
| اللغة: | English |
| الموضوعات: | |
| الوسوم: |
إضافة وسم
لا توجد وسوم, كن أول من يضع وسما على هذه التسجيلة!
|
| LEADER | 01285cam a2200325 i 4500 | ||
|---|---|---|---|
| 001 | u1007913 | ||
| 003 | SIRSI | ||
| 005 | 201601071151 | ||
| 008 | 160107t2014 my a m 000 0 eng m | ||
| 040 | |a UMP |e rda | ||
| 096 | |a QX4 |b UM 2014 Bra | ||
| 100 | 0 | |a Braima, Kamil Ali Obeid, |e author | |
| 245 | 1 | 4 | |a The distribution of malaria and its vectors in the state of Selangor, peninsula Malaysia / |c Kamil Ali Obeid Braima. |
| 264 | 1 | |c 2014. | |
| 264 | 4 | |c 2014. | |
| 300 | |a xiv, 87 leaves : |b colour illustrations ; |c 30cm. | ||
| 336 | |a text |2 rdacontent | ||
| 337 | |a unmediated |2 rdamedia | ||
| 338 | |a volume |2 rdacarrier | ||
| 502 | |b M.Med.Sc. |c Department of Parasitology, Faculty of Medicine, University of Malaya, |d 2014. | ||
| 504 | |a Bibliography: leaves 61-67. | ||
| 530 | |a Issued also in CD. | ||
| 650 | 2 | |a Malaria |x epidemiology |z Malaysia. | |
| 650 | 2 | |a Malaria |x parasitology |z Malaysia. | |
| 650 | 2 | |a Malaysia |x epidemiology. | |
| 710 | |a Universiti Malaya. |b Jabatan Parasitologi, |e degree granting institution. | ||
| 596 | |a 2 | ||
| 900 | |a AI | ||
| 999 | |a QX4 UM 2014 BRA |w NLM |c 1 |i A515679217 |d 7/1/2016 |f 7/1/2016 |g 1 |l TESIS |m P02MEDKL |r Y |s Y |t TESIS |u 12/12/2014 | ||
| 999 | |a QX4 UM 2014 BRA |w NLM |c 2 |i A515674152 |d 7/1/2016 |f 7/1/2016 |g 1 |k TESIS |l COUNTER |m P02MEDKL |r Y |s Y |t CD |u 7/1/2016 | ||
